000 00706nam a2200205Ia 4500
003 OSt
005 20250808103819.0
008 210210b1997 xxu||||| |||| 00| 0 eng d
040 _cAL
041 _aKannada
082 _aK894.4 ANAS
100 _aANANTARAMA RAV (K).
_dಅನಂತರಾಮ ರಾವ್ (ಕೆ)
_9219168
245 _aSvatantrya svarnarekhe
_bಸ್ವಾತಂತ್ರ್ಯ ಸ್ವರ್ಣರೇಖೆ
260 _aMangaluru
_bVidya Publishing Haus
_c1997
300 _aviii,180
650 _aSvatantra Bharata Svatantrya Horata Shikshana Manava Hakkugalu Unnata Shikshana Anki Amshagalu
_9219169
690 _aKannada Prose
_9219170
906 _a052639
942 _2ddc
_cBK
999 _c100866
_d100866